Teilnehmer der Fußball-WM 2018 - Statistiken

Allgemein
  • Dieses Quiz wurde 10 mal gespielt
  • Das Durchschnittsergebnis liegt bei 16 aus 32
Antwortstatistiken
Antwort % Korrekt
Frankreich
86%
Russland
86%
USA
86%
Deutschland
71%
Argentinien
57%
Belgien
57%
Brasilien
57%
Japan
57%
Mexiko
57%
Niederlande
57%
Portugal
57%
Spanien
57%
Südkorea
57%
Uruguay
57%
Algerien
43%
Australien
43%
Chile
43%
Costa Rica
43%
Elfenbeinküste
43%
England
43%
Italien
43%
Kamerun
43%
Kolumbien
43%
Kroatien
43%
Nigeria
43%
Schweiz
43%
Bosnien und Herzegowina
29%
Ecuador
29%
Ghana
29%
Griechenland
29%
Honduras
29%
Iran
29%
Keine übereinstimmenden Quizze gefunden
Verteilung der Resultate
Anzahl Personen mit jedem Resultat
Perzentil nach korrekt beantworteten Fragen
Ihre Resultats-Entwicklung
Sie haben dieses Quiz noch nicht gespielt